000 00718nam a22002057a 4500
005 20240612164645.0
010 _aENG-140582
020 _a9789355323613
_c699.00
035 _aEN-124114
037 _bDBAD
082 _a000
100 _aSharma, Arun
_967443
245 _aHow to Prepare For CUET/
_cBy Arun Sharma [and] Meenakshi Upadhyay
260 _aChennai
_bMc Graw Hill Education
_c2022
270 _aAnjana Complex NO. 5/90 A, Butt Road, St. Thomas Mount
_bChennai
_e600116
300 _avp.
_c24cm(pbk)
_bindex
500 _aComplete Coverage of Section I(A) English Language & Section III General Rest of CUET
700 _aUpadhyay, Meenakshi
_967431
942 _2ddc
_h000
_cEN
_mSHA
999 _c203567
_d203567